Statistiken für Flüsse in der Schweiz

Klicken Sie hier um das Quiz zu spielen!

Allgemein

  • Dieses Quiz wurde 509 mal gespielt
    (508 seit der letzten Aktualisierung)
  • Das Durchschnittsergebnis liegt bei 9 aus 22

Antwortstatistiken

Länge kmAntwort% Korrekt
1239Rhein
100%
295Aare
91%
812Rhône
86%
517Inn
69%
164Reuss
66%
125Thur
52%
248Ticino
49%
82Emme
47%
104Linth
45%
453Doubs
41%
128Saane
39%
73Birs
32%
73Sihl
32%
57Hinterrhein
26%
58Maggia
26%
68Vorderrhein
26%
53Simme
24%
57Töss
22%
70Sitter
21%
58Kleine Emme
14%
67Orbe
14%
72Broye
11%

Verteilung der Resultate

Perzentil nach korrekt beantworteten Fragen

Anzahl Personen mit jedem Resultat

Ihre Resultats-Entwicklung

Sie haben dieses Quiz seit der letzten Aktualisierung nicht gespielt